[Event "SVK-ch U10"]
[Site "Tatralandia"]
[Date "2024.04.12"]
[Round "9"]
[White "Suster, Filip"]
[Black "Olejnik, Frederik"]
[Result "1-0"]
[WhiteElo "1000"]
[BlackElo "1000"]
[PlyCount "105"]
[EventDate "2024.04.05"]
[EventType "swiss"]
[EventRounds "9"]
[EventCountry "SVK"]
[SourceTitle "CB16_2024"]
[SourceDate "2024.04.17"]
[SourceVersion "1"]
[SourceVersionDate "2024.04.17"]
[SourceQuality "1"]

1. e4 e5 2. Nf3 Nc6 3. Nc3 Nf6 4. Bb5 d6 5. Bxc6+ bxc6 6. d3 d5 7. exd5 Nxd5 8. Nxd5 cxd5 9. 0-0 Bd6 10. Re1 f6 11. d4 Bg4 12. dxe5 fxe5 13. h3 Bh5 14. Bf4 0-0 15. Bxe5 Re8 16. Qxd5+ Bf7 17. Qd1 Bxe5 18. Qxd8 Raxd8 19. Nxe5 Bg6 20. Nxg6 Rxe1+ 21. Rxe1 hxg6 22. b4 Rd2 23. Re8+ Kh7 24. Re7 Rxc2 25. a4 Rc4 26. a5 Rxb4 27. Rxc7 Rb1+ 28. Kh2 Rf1 29. Rxa7 Rxf2 30. a6 Ra2 31. Ra8 Ra5 32. Kg3 Kh6 33. Kf4 g5+ 34. Ke4 Kg6 35. Kd4 Kf7 36. Kc4 Ke7 37. Kb4 Rf5 38. a7 Rf1 39. Re8+ Kxe8 40. a8Q+ Kf7 41. Qd5+ Kg6 42. Qd3+ Rf5 43. g4 Kf6 44. Qxf5+ Ke7 45. Qxg5+ Kf8 46. Kc5 Kg8 47. Kd6 Kh7 48. h4 Kh8 49. Ke7 Kh7 50. Qf5+ g6 51. Qf7+ Kh6 52. Kf6 g5 53. Qg6# 1-0

[Event "SVK-ch U10"]
[Site "Tatralandia"]
[Date "2024.04.09"]
[Round "6"]
[White "Suster, Filip"]
[Black "Tverdak, Filip"]
[Result "0-1"]
[WhiteElo "1000"]
[BlackElo "1029"]
[PlyCount "74"]
[EventDate "2024.04.05"]
[EventType "swiss"]
[EventRounds "9"]
[EventCountry "SVK"]
[SourceTitle "CB16_2024"]
[SourceDate "2024.04.17"]
[SourceVersion "1"]
[SourceVersionDate "2024.04.17"]
[SourceQuality "1"]

1. e4 e5 2. Nf3 Nc6 3. Bb5 a6 4. Bxc6 dxc6 5. Nc3 Bd6 6. 0-0 Be6 7. d3 Qe7 8. Bg5 Nf6 9. Ne2 h6 10. Be3 g5 11. d4 0-0-0 12. dxe5 Bxe5 13. Bd4 Bxd4 14. Nfxd4 c5 15. c3 cxd4 16. Nxd4 c5 17. Qa4 cxd4 18. cxd4 Nxe4 19. Rae1 Nf6 20. Rc1+ Kb8 21. Rfd1 Bd7 22. Qa5 Bc6 23. Re1 Qd6 24. Rc4 Bb5 25. Rc5 Rc8 26. Qc3 b6 27. b4 bxc5 28. bxc5 Qd5 29. Re5 Qc6 30. Qg3 Ka7 31. f3 Rce8 32. h3 Rxe5 33. Qxe5 Re8 34. Qf5 Re1+ 35. Kf2 Re2+ 36. Kg1 Rd2 37. Qe5 Re2 0-1